<?xml version="1.0" encoding="UTF-8"?>
<marc:record xmlns:marc="http://www.loc.gov/MARC21/slim">
   <marc:leader>00000nam a2200000 a 4500</marc:leader>
   <marc:datafield ind1="1" ind2=" " tag="100">
      <marc:subfield code="a">Brogyanyi, Josefine</marc:subfield>
      <marc:subfield code="4">aut</marc:subfield>
      <marc:subfield code="e">Verfasser/-in</marc:subfield>
   </marc:datafield>
   <marc:datafield ind1=" " ind2=" " tag="653">
      <marc:subfield code="a">Kreuzstich</marc:subfield>
   </marc:datafield>
   <marc:datafield ind1=" " ind2=" " tag="653">
      <marc:subfield code="a">Stickmuster</marc:subfield>
   </marc:datafield>
   <marc:datafield ind1=" " ind2=" " tag="653">
      <marc:subfield code="a">Sticken</marc:subfield>
   </marc:datafield>
   <marc:datafield ind1=" " ind2=" " tag="653">
      <marc:subfield code="a">Anleitung</marc:subfield>
   </marc:datafield>
   <marc:datafield ind1="0" ind2="0" tag="245">
      <marc:subfield code="a">Festliche Kreuzstichmuster</marc:subfield>
   </marc:datafield>
   <marc:datafield ind1="0" ind2="0" tag="245">
      <marc:subfield code="c">Josefine Brogyanyi</marc:subfield>
   </marc:datafield>
   <marc:datafield ind1=" " ind2="1" tag="264">
      <marc:subfield code="a">Graz</marc:subfield>
      <marc:subfield code="b">Stocker</marc:subfield>
      <marc:subfield code="c">2007</marc:subfield>
   </marc:datafield>
   <marc:datafield ind1="1" ind2=" " tag="520">
      <marc:subfield code="a">Angaben aus der Verlagsmeldung

Festliche Kreuzstichmuster / von Josefine Brogyanyi

ISBN 978-3-7020-1162-8
Josefine Brogyanyi
FESTLICHE KREUZSTICHMUSTER
ca. 80 Seiten, zahlreiche Muster, Großformat, 21 x 29,5 cm, brosch.

Preis: ca. € 9,95 / sfr 18,60

In einer Zeit, in der das Interesse an selbstgefertigten Handarbeiten wieder zunimmt und Brauchtum sowie Tradition ein höherer Stellenwert eingeräumt wird, erlebt besonders die Kreuzstichhandarbeit eine Renaissance.

Die Autorin hat bereits mehrere erfolgreiche Mappen mit traditionellen Mustern zusammengestellt und präsentiert in diesem Band besonders festliche Muster für Tischdecken und Tischläufer, Vorhänge, Pölster und Wandbehänge, Weihkorbdecken, Oster- und Taufkerzen. Lebensbäume, Pfauen-, Nelken- und Jagdmotive stehen im Mittelpunkt, doch finden sich auch Motive für österliche Tischdecken, Erntedank und Weihnachten.
</marc:subfield>
   </marc:datafield>
   <marc:datafield ind1=" " ind2=" " tag="020">
      <marc:subfield code="a">9783702011628</marc:subfield>
      <marc:subfield code="9">9783702011628</marc:subfield>
   </marc:datafield>
   <marc:datafield ind1=" " ind2=" " tag="020">
      <marc:subfield code="a">3702011625</marc:subfield>
      <marc:subfield code="9">3702011625</marc:subfield>
   </marc:datafield>
   <marc:datafield ind1=" " ind2=" " tag="041">
      <marc:subfield code="a">ger</marc:subfield>
   </marc:datafield>
   <marc:datafield ind1=" " ind2=" " tag="300">
      <marc:subfield code="a">37 Bl.</marc:subfield>
   </marc:datafield>
</marc:record>
